Systém riadenia štrukturálnych fondov a Kohézneho fondu na programové obdovie 2007-2013 verzia 2.0, Bratislava 21. januára 2008

Bibliographic Details
Format: Book
Language:Slovak
PhysicalDescription:iii, A,B, 91 s. 30 cm
Published: Bratislava Ministerstvo výstavby a regionálneho rozvoja SR [2008]
Edition:[1. vyd.]
Subjects:

MARC

LEADER 00000nam a2200000 a 4500
001 vtls010281685
003 SK-MaSNL
005 20260426005415.0
008 220509s2008 xo f 000 0 slo
020 |q (brož.) 
035 |a urn:nbn:sk:snk-am00cqmo 
035 |a urn:nbn:sk:snk-am3j3zw 
035 |a DB838E20-64EC-49A0-9CA3-AE7C5EE4BB83 
040 |a SNK  |b slo  |c SNK  |e AACR2 
041 0 |a slo 
044 |a xo  |c SK 
072 7 |a 339.7/.9  |x Svetová ekonomika a medzinárodné financie  |2 konspekt 
080 |a 339.926  |2 2001 
080 |a 005  |2 2001 
080 |a 005.591  |2 2001 
080 |a 332.055.2  |2 2001 
080 |a (4)  |2 2001 
080 |a (437.6)  |2 2001 
080 |a (094)  |2 2001 
245 0 0 |a Systém riadenia štrukturálnych fondov a Kohézneho fondu na programové obdovie 2007-2013  |b verzia 2.0, Bratislava 21. januára 2008 
250 |a [1. vyd.] 
260 |a Bratislava  |b Ministerstvo výstavby a regionálneho rozvoja SR  |c [2008] 
300 |a iii, A,B, 91 s.  |c 30 cm 
610 2 7 |a Fond súdržnosti (Európska komisia)  |2 SNKKA  |9 471696 
648 7 |a 2007-2013  |2 SNKPH  |9 328536 
650 0 7 |a štrukturálne fondy  |2 SNKPH  |9 4193 
650 0 7 |a riadenie  |2 SNKPH  |9 924 
650 0 7 |a regionálny rozvoj  |2 SNKPH  |9 2352 
650 0 7 |a programy a projekty  |2 SNKPH  |9 82765 
650 0 7 |a Structural funds  |2 SNKPHeng  |9 318540 
650 0 7 |a Management  |2 SNKPHeng  |9 265406 
650 0 7 |a Regional development  |2 SNKPHeng  |9 98197 
650 0 7 |a Programs and projects  |2 SNKPHeng  |9 274896 
651 7 |a Slovensko  |2 SNKPH  |9 14231 
651 7 |a krajiny Európskej únie  |2 SNKPH  |9 31482 
651 7 |a Slovakia  |2 SNKPHeng  |9 92630 
651 7 |a European Union countries  |2 SNKPHeng  |9 276031 
655 7 |a dokumenty  |2 SNKPH  |9 70482 
655 7 |a Documents  |2 SNKPHeng  |9 277725 
999 |c 1007358  |d 1009288 
952 |a SNK  |b SNK  |y PREZ  |7 0  |p 17A0631610  |o snkSB 81553  |i snk2011/12341  |8 1  |0 0  |1 0  |4 0  |d 2011-05-27  |f 1  |l 0  |r 2025-05-05 00:00:00  |w 2026-02-24